Brevedades : antología argentina de cuentos re-breves /
Guardado en:
| Autor Principal: | |
|---|---|
| Otros Autores: | , , , , , , , , , , , , , , , , , , , , , , , , , , , |
| Formato: | Libro |
| Idioma: | Undetermined |
| Publicado: |
Buenos Aires :
Manoescrita,
2013.
|
| Edición: | 1a ed. |
| Materias: | |
| Etiquetas: |
Agregar Etiqueta
Sin Etiquetas, Sea el primero en etiquetar este registro!
|
| LEADER | 05840nam a22005415a 4500 | ||
|---|---|---|---|
| 001 | CEM.cems021175 | ||
| 008 | 240528s2013####ag############000#0#und#d | ||
| 005 | 20240528151844.0 | ||
| 245 | 1 | 0 | |a Brevedades : |b antología argentina de cuentos re-breves / |c Selección y prólogo de Martín Gardella. |
| 250 | |a 1a ed. | ||
| 260 | |a Buenos Aires : |b Manoescrita, |c 2013. | ||
| 300 | |a 144 p. | ||
| 505 | 0 | |a La edad de oro / Eduardo Berti -- Por aproximación / Eduardo Berti -- La repetición / Eduardo Berti -- Una criatura del pasado / Eduardo Berti -- Elogio de la cordura / Gabriel Bevilaqua -- Últimas cortesías / Gabriel Bevilaqua -- El lápiz que quería aparentemente dibujar un círculo / Gabriel Bevilaqua -- Extravíos del respetable / Gabriel Bevilaqua -- Realidad ausente / Raúl Brasca -- Rondas / Raúl Brasca -- Triángulo criminal / Raúl Brasca -- La prueba / Raúl Brasca -- Ma / Mónica Cazón -- Gasparina / Mónica Cazón -- La foto / Mónica Cazón -- Historias de chat / Mónica Cazón -- La red / Carlos Centurión -- Función de magia / Carlos Centurión -- Pausa / Carlos Centurión -- Una vieja princesa conduce un camión / Carlos Centurión -- Noche de brujas / Antonio Cruz -- Magia / Antonio Cruz -- Último acto / Antonio Cruz -- Brujas / Antonio Cruz -- Avistamiento / Carolina Fernández -- Después de la tormenta / Carolina Fernández -- Cómo decirte / Carolina Fernández -- Filología / Carolina Fernández -- El pasatiempo / Martín Gardella -- Tal para cual / Martín Gardella -- Puntos de vista / Martín Gardella -- Devolución de gentilezas / Martín Gardella -- El jugador de ajedrez / Sergio Gaut Vel Hartman -- Desaforismos / Sergio Gaut Vel Hartman -- Entrampado / Sergio Gaut Vel Hartman -- El fin del mundo / Sergio Gaut Vel Hartman -- El cuento / Eduardo Gotthelf -- Vidas / Eduardo Gotthelf -- Crónica roja / Eduardo Gotthelf -- Arenga / Eduardo Gotthelf -- Coronarios / Leandro Hidalgo -- Receta maravillosa / Leandro Hidalgo -- Deseo / Leandro Hidalgo -- Primer desamor / Leandro Hidalgo -- Otro idioma / Diego Kochmann -- Cazador / Diego Kochmann -- La cuenta regresiva / Diego Kochmann -- Drama escolar / Diego Kochmann -- El domador / David Lagmanovich -- Caída del Mandamás / David Lagmanovich -- Los ojos / David Lagmanovich -- Monólogo de la camisa / David Lagmanovich -- Orden del día / Rocco Laguzzi -- Incunable enjabonado / Rocco Laguzzi -- No tan blando / Rocco Laguzzi -- Barcas / Rocco Laguzzi -- Viejo de guerra / Mario Lillo -- Despertar / Mario Lillo -- Piropo / Mario Lillo -- Mar / Mario Lillo -- El mate / María Rosa Lojo -- Los sueños escondidos / María Rosa Lojo -- La cordillera / María Rosa Lojo -- Las nubes / María Rosa Lojo -- Sin novedad en el cielo / Eugenio Mandrini -- La sal del hogar / Eugenio Mandrini -- Todos los epílogos conducen a uno / Eugenio Mandrini -- Prueba de vuelo / Eugenio Mandrini -- Psicosis / Juan Manuel Montes -- El cuidador del cementerio / Juan Manuel Montes -- Un plato que se sirve frío / Juan Manuel Montes -- Después del primer beso / Juan Manuel Montes -- Seducir / Ana María Mopty -- Posibilidades / Ana María Mopty -- Ignorancia / Ana María Mopty -- Infiel / Ana María Mopty -- Orígenes / Ildiko Nassr -- Ni en tus peores pesadillas / Ildiko Nassr -- Socorro / Ildiko Nassr -- Hijos / Ildiko Nassr -- Un hombre de palabra / Laura Nicastro -- Puntos de apoyo / Laura Nicastro -- Pierre / Laura Nicastro -- Medicina moderna / Laura Nicastro -- Sueños / Juan José Panno -- Escribano / Juan José Panno -- Bestial / Juan José Panno -- Ladronzuelo / Juan José Panno -- Oportunidad / Roberto Perinelli -- Colores. Cuentito para pintores impresionistas / Roberto Perinelli -- Tensión / Roberto Perinelli -- Canibalismo / Roberto Perinelli -- Policiales / Juan Romagnoli -- Vístame despacio / Juan Romagnoli -- Acuerdo / Juan Romagnoli -- Peleas / Juan Romagnoli -- Lo que faltaba / Ana María Shúa -- Pelito / Ana María Shúa -- Circo Mínimo / Ana María Shúa -- Clase de matemáticas / Ana María Shúa -- Gula / Franco Vaccarini -- El orfanato de los cuerpos perdidos / Franco Vaccarini -- El frío / Franco Vaccarini -- La broma / Franco Vaccarini -- El abecedario / Luisa Valenzuela -- Efectos especiales / Luisa Valenzuela -- Uno de misterio / Luisa Valenzuela -- Habitación 201 / Luisa Valenzuela -- Arte de narrar / Orlando Van Bredam -- Falsificaciones / Orlando Van Bredam -- El asesino vuelve / Orlando Van Bredam -- Servicio de correos / Orlando Van Bredam -- La vida misma / Fabián Vique -- Elefantástica 1 / Fabián Vique -- Elefantástica 2 / Fabián Vique -- Tergiversos / Fabián Vique | |
| 020 | |a 9789872965020 | ||
| 100 | 1 | |a Gardella, Martín; recop. | |
| 700 | 1 | |a Berti, Eduardo. | |
| 700 | 1 | |a Bevilaqua, Gabriel. | |
| 700 | 1 | |a Brasca, Raúl. | |
| 700 | 1 | |a Cazón, Mónica. | |
| 700 | 1 | |a Centurión, Carlos. | |
| 700 | 1 | |a Cruz, Antonio. | |
| 700 | 1 | |a Fernández, Carolina. | |
| 700 | 1 | |a Gaut Vel Hartman, Sergio. | |
| 700 | 1 | |a Gotthelf, Eduardo. | |
| 700 | 1 | |a Hidalgo, Leandro. | |
| 700 | 1 | |a Kochmann, Diego. | |
| 700 | 1 | |a Lagmanovich, David. | |
| 700 | 1 | |a Laguzzi, Rocco. | |
| 700 | 1 | |a Lillo, Mario. | |
| 700 | 1 | |a Lojo, María Rosa. | |
| 700 | 1 | |a Mandrini, Eugenio. | |
| 700 | 1 | |a Montes, Juan Manuel. | |
| 700 | 1 | |a Mopty, Ana María. | |
| 700 | 1 | |a Nassr, Ildiko. | |
| 700 | 1 | |a Nicastro, Laura. | |
| 700 | 1 | |a Panno, Juan José. | |
| 700 | 1 | |a Perinelli, Roberto. | |
| 700 | 1 | |a Romagnoli, Juan. | |
| 700 | 1 | |a Shúa, Ana María. | |
| 700 | 1 | |a Vaccarini, Franco. | |
| 700 | 1 | |a Valenzuela, Luisa. | |
| 700 | 1 | |a Van Bredam, Orlando. | |
| 700 | 1 | |a Vique, Fabián. | |
| 653 | |a Microrrelatos | ||
| 653 | |a Cuentos breves | ||
| 653 | |a Literatura argentina | ||
| 653 | |a Antología | ||
| 859 | |a CEMS |b BIB. CEMS - 11 de abril |h A868.4 |i G166 |p 29535.23 |t Ej.1 | ||
